Study of the systems åkermanite and Sr-åkermanite doped with cerium and manganese.

Guardado en:
Detalles Bibliográficos
Autor principal: Veteška, Peter (Autor)
Otros Autores: Galusek, Dušan (Orientador)
Formato: Manuscrito Libro
Lenguaje:eslovaco
inglés
Publicado: 2018
Materias:
Acceso en línea:http://is.stuba.sk/zp/portal_zp.pl?podrobnosti=89439
Etiquetas: Agregar Etiqueta
Sin Etiquetas, Sea el primero en etiquetar este registro!

MARC

LEADER 00000ntm a22000003a 4500
001 stuzp29078
003 SK-STU
005 20180825210234.8
007 ta
008 150427s2015----xo-----f-mn---000-0-slo-d
040 |a STU  |b slo 
041 0 |a eng 
100 1 |a Veteška, Peter  |u 042110  |k Z2  |4 aut  |U FCHPT Ústav anorganickej chémie, technológie a materiálov  |T FCHPT Oddelenie anorganických materiálov  |X 40250  |U C2110  |Y 110  |7 40250 
242 0 1 |a Štúdium systémov åkermanit a Sr-åkermanit dopovaných cérom a mangánom  |y slo 
245 1 0 |a Study of the systems åkermanite and Sr-åkermanite doped with cerium and manganese. 
260 |c 2018 
650 4 |a fotoluminescencia  |2 slo 
650 4 |a åkermanit  |2 slo 
650 4 |a sol-gél  |2 slo 
650 4 |a Pechini  |2 slo 
650 4 |a rozprašovacia pyrolýza  |2 slo 
650 4 |a photoluminescence  |2 eng 
650 4 |a åkermanite  |2 eng 
650 4 |a sol-gel  |2 eng 
650 4 |a Pechini  |2 eng 
650 4 |a spray pyrolysis  |2 eng 
700 1 |a Galusek, Dušan  |4 ths  |X 4402  |7 A000004402 
856 4 |u http://is.stuba.sk/zp/portal_zp.pl?podrobnosti=89439